How to stop worrying and start living
| Main Author: | |
|---|---|
| Corporate Author: | |
| Format: | Book |
| Published: |
New York :
Pocket Books ,
1984
|
| Subjects: |
MARC
| LEADER | 00000cam a2200000 7i4500 | ||
|---|---|---|---|
| 001 | 0000012409 | ||
| 005 | 20071214.0 | ||
| 008 | 071214 | ||
| 020 | |a 0749307234 | ||
| 090 | 0 | 0 | |a 131.33 |b CAR |
| 100 | 1 | |a Carnegie, Dale | |
| 245 | 1 | 0 | |a How to stop worrying and start living |c Dale Carnegie |
| 260 | |a New York : |b Pocket Books , |c 1984 | ||
| 650 | 0 | |a Anxiety | |
| 650 | 0 | |a English fiction | |
| 650 | 0 | |a Worry | |
| 710 | 0 | |a Title | |
| 999 | |a 0001003712 |b Book |c Adult Collection |e Perbadanan Perpustakaan Awam Johor | ||